Zvyšovanie relevantnosti účtovných informácií
Salvato in:
| Autore principale: | |
|---|---|
| Altri autori: | , , |
| Natura: | Libro |
| Lingua: | slovacco |
| Pubblicazione: |
Bratislava
SKCÚ
2019
|
| Edizione: | 1. vydanie |
| Soggetti: | |
| Tags: |
Nessun Tag, puoi essere il primo ad aggiungerne!!
|
MARC
| LEADER | 00000nam a2200000 4500 | ||
|---|---|---|---|
| 001 | 0261631 | ||
| 005 | 20240502074151.5 | ||
| 020 | |a 978-80-972525-6-4 | ||
| 041 | 0 | |a slo | |
| 044 | |a SK | ||
| 245 | 1 | 0 | |a Zvyšovanie relevantnosti účtovných informácií |c Zuzana Juhászová, Anton Marci ; recenzovali: Jitka Meluchová, Peter Dvorák |
| 250 | |a 1. vydanie | ||
| 264 | 1 | |a Bratislava |b SKCÚ |c 2019 | |
| 300 | |a 55 s. [3,2 AH] | ||
| 610 | 2 | 0 | |a informácie účtovné |
| 610 | 2 | 0 | |a informácie |
| 610 | 2 | 0 | |a dane |
| 610 | 2 | 0 | |a legislatíva |
| 610 | 2 | 0 | |a dokumentácia |
| 610 | 2 | 0 | |a prostredie virtuálne |
| 610 | 2 | 0 | |a administratíva |
| 100 | 1 | |a Juhászová, Zuzana, 1970- | |
| 700 | 1 | |a Marci, Anton, 1989- | |
| 700 | 1 | |a Meluchová, Jitka, 1965- | |
| 700 | 1 | |a Dvorák, Peter | |